AEW All In 2024 Card - Statistics

General Stats
  • This quiz has been taken 124 times
  • The average score is 35 of 60
Answer Stats
Answer % Correct
Bryan Danielson
95%
Christian Cage
94%
MJF
94%
Swerve Strickland
94%
Hook
93%
Toni Storm
93%
Will Ospreay
93%
Jack Perry
91%
Mariah May
91%
Matthew Jackson
91%
Nicholas Jackson
91%
Cash Wheeler
90%
Darby Allin
90%
Dax Harwood
90%
Killswitch
90%
Chris Jericho
89%
Mercedes Moné
89%
Nick Wayne
86%
Anthony Bowens
83%
Max Caster
83%
Claudio Castagnoli
81%
Pac
81%
Wheeler Yuta
79%
Britt Baker
75%
Brody King
74%
Buddy Matthews
70%
Malakai Black
70%
Brian Cage
66%
Austin Gunn
61%
Colten Gunn
61%
Juice Robinson
61%
Kris Statlander
53%
Willow Nightingale
53%
Isiah Kassidy
46%
Sammy Guevara
46%
Dustin Rhodes
43%
Marq Quen
40%
Dante Martin
39%
Darius Martin
39%
Tomohiro Ishii
39%
Action Andretti
36%
Lio Rush
35%
Bishop Kaun
34%
Stokley Hathaway
34%
Marshall Von Erich
33%
Ross Von Erich
33%
Kyle Fletcher
31%
Toa Liona
31%
Alex Reynolds
29%
John Silver
29%
Jay Lethal
26%
Matt Taven
26%
Mike Bennett
26%
Katsuyori Shibata
23%
Kip Sabian
21%
Satnam Singh
21%
Rocky Romero
16%
Anthony Ogogo
14%
Ariya Daivari
14%
Tommy Billington
14%
No matching quizzes found
Score Distribution
Percent of People with Each Score
Percentile by Number Answered
Your Score History
You have not taken this quiz